00642nam a2200205 a 450000500170000001000280001702000240004503500130006903500130008203700090009503700080010408200110011224500820012326000460020527000640025130000340031550400500034970000170039970000200041620210422124753.0 aB-379462 B-736365 a0195654455c2900.00 aB-379462 aB-736365 bGift bUBH a954.16 aThe millennium book on New Delhi /cedited by B.P. Singh [and] Pavan K. Varma aNew Delhi bOxford University Pressc2001 aYMCA Library Building, Jai Singh Road, bNew Delhi e110001 a257p.:bcol. ill. c33cm(Hb)  aincludes bibliographical references and index aSingh, B. P. aVarma, Pavan K.